000 00577nam a2200157Ia 4500
008 151213s9999 xx 000 0 und d
100 _aমো: খালেকুুজ্জামান
245 _aবাণিজ্জিক ও শিল্প আইন।
_cমো: খালেকুুজ্জামান
250 _a৭ম সং
260 _aঢাকা
_bফদি যমুনা পাবলিশার্স
_c1999
300 _a6801 p.
650 _aLaw
650 _aLaw
700 _aমো: খালেকুুজ্জামান
999 _c3681
_d3681